<?xml version='1.0' encoding='UTF-8'?><?xml-stylesheet href='static/style.xsl' type='text/xsl'?><OAI-PMH xmlns="http://www.openarchives.org/OAI/2.0/" xmlns:xsi="http://www.w3.org/2001/XMLSchema-instance" xsi:schemaLocation="http://www.openarchives.org/OAI/2.0/ http://www.openarchives.org/OAI/2.0/OAI-PMH.xsd"><responseDate>2026-04-30T18:12:07Z</responseDate><request verb="GetRecord" identifier="oai:ebiltegia.mondragon.edu:20.500.11984/4368" metadataPrefix="marc">https://ebiltegia.mondragon.edu/oai/request</request><GetRecord><record><header><identifier>oai:ebiltegia.mondragon.edu:20.500.11984/4368</identifier><datestamp>2024-01-04T21:56:56Z</datestamp><setSpec>com_20.500.11984_1736</setSpec><setSpec>com_20.500.11984_1627</setSpec><setSpec>col_20.500.11984_1972</setSpec></header><metadata><record xmlns="http://www.loc.gov/MARC21/slim" xmlns:dcterms="http://purl.org/dc/terms/" xmlns:xsi="http://www.w3.org/2001/XMLSchema-instance" xmlns:doc="http://www.lyncode.com/xoai" xsi:schemaLocation="http://www.loc.gov/MARC21/slim http://www.loc.gov/standards/marcxml/schema/MARC21slim.xsd">
   <leader>00925njm 22002777a 4500</leader>
   <datafield ind2=" " ind1=" " tag="042">
      <subfield code="a">dc</subfield>
   </datafield>
   <datafield ind2=" " ind1=" " tag="720">
      <subfield code="a">Mondragon Unibertsitatea</subfield>
      <subfield code="e">author</subfield>
   </datafield>
   <datafield ind2=" " ind1=" " tag="260">
      <subfield code="c">2015-09-14</subfield>
   </datafield>
   <datafield ind2=" " ind1=" " tag="520">
      <subfield code="a">Humanitate eta Hezkuntza Zientzien Fakultateak dena du prest irailaren 24tik 27ra egingo den "European Teacher Education Network 2015" (ETEN) topaketarako. Jardunaldi horietan mundu osotik etorritako 50 hezkuntza fakultatetako ordezkariek, landuko dituzte, besteak beste, ikasleen mugikortasuna eta unibertsitateen arteko lankidetza ildo berriak. Partaideak etorriko dira Europa, Amerikako Estatu Batuak eta Asiatik.</subfield>
   </datafield>
   <datafield ind2=" " ind1=" " tag="520">
      <subfield code="a">La Facultad de Humanidades y Ciencias de la Educación de MONDRAGON UNIBERTSITATEA tiene todo preparado para las jornadas "European Teacher Education Network 2015 (ETEN)" que organizará en Mondragón del día 24 al 27 de septiembre. En dichas jornadas, 50 representantes de otras tantas facultades de educación de Europa, Estados Unidos de América y Asia debatirán sobre planes de movilidad de estudiantes y plantearán diversas propuestas de mejora.</subfield>
   </datafield>
   <datafield ind1="8" ind2=" " tag="024">
      <subfield code="a">https://hdl.handle.net/20.500.11984/4368</subfield>
   </datafield>
   <datafield tag="653" ind2=" " ind1=" ">
      <subfield code="a">Humanitate eta Hezkuntza Zientzien Fakultatea</subfield>
   </datafield>
   <datafield ind2="0" ind1="0" tag="245">
      <subfield code="a">Dena prest irailaren 24tik 27ra fakultateak antolatuko duen "European Teacher Education Network 2015"-erako</subfield>
   </datafield>
   <datafield ind2="0" ind1="0" tag="245">
      <subfield code="a">Todo preparado para las jornadas "European Teacher Education Network" que la facultad organizará del 24 al 27 de septiembre</subfield>
   </datafield>
</record></metadata></record></GetRecord></OAI-PMH>